|
|
|
|
| LEADER |
00000nam0a2200000 4500 |
| 001 |
170756 |
| 005 |
20231101222918.0 |
| 010 |
|
|
|a 9785769539749
|
| 035 |
|
|
|a (RuTPU)RU\TPU\book\185162
|
| 090 |
|
|
|a 170756
|
| 100 |
|
|
|a 20091126d2009 m y0rusy50 ca
|
| 101 |
0 |
|
|a rus
|
| 102 |
|
|
|a RU
|
| 105 |
|
|
|a y j 001zy
|
| 200 |
1 |
|
|a Учебно-профессиональная мотивация молодежи
|e учебное пособие для вузов
|f А. В. Батаршев
|
| 210 |
|
|
|a Москва
|c Академия
|d 2009
|
| 215 |
|
|
|a 192 с.
|
| 225 |
1 |
|
|a Высшее профессиональное образование. Педагогические специальности
|
| 320 |
|
|
|a Библиография в конце глав.
|
| 330 |
|
|
|a В учебном пособии рассматриваются теоретико-методологические аспекты мотивационной сферы учащихся базовой профессиональной школы, особенности и закономерности их мотивации. Для закрепления материала в пособие включен практикум, где представлены психодиагностические методики, позволяющие диагностировать уровни мотивационных и эмоциональных проявлений обучаемых с целью корректировки развивающих и обучающих программ.
|
| 606 |
1 |
|
|a Профессиональная ориентация
|x Общеобразовательная школа
|2 stltpush
|3 (RuTPU)RU\TPU\subj\52920
|9 71307
|
| 606 |
1 |
|
|a Труд
|x Психология
|2 stltpush
|3 (RuTPU)RU\TPU\subj\61968
|9 79129
|
| 610 |
1 |
|
|a педагогика
|
| 610 |
1 |
|
|a профессиональная деятельность
|
| 610 |
1 |
|
|a профессиональная ориентированность
|
| 610 |
1 |
|
|a профессиональная мотивация
|
| 610 |
1 |
|
|a учебная деятельность
|
| 610 |
1 |
|
|a мотивация
|
| 610 |
1 |
|
|a молодежь
|
| 610 |
1 |
|
|a учащиеся
|
| 610 |
1 |
|
|a психодиагностика
|
| 610 |
1 |
|
|a чувства
|
| 610 |
1 |
|
|a эмоции
|
| 610 |
1 |
|
|a волевая регуляция
|
| 610 |
1 |
|
|a трудовая мотивация
|
| 610 |
1 |
|
|a личность
|
| 610 |
1 |
|
|a самореализация
|
| 610 |
1 |
|
|a психология
|
| 610 |
1 |
|
|a учебные пособия
|
| 686 |
|
|
|a Ч421.202я73
|v LBC/SL-A
|2 rubbk
|
| 686 |
|
|
|a Ю941я73
|v LBC/SL-A
|2 rubbk
|
| 700 |
|
1 |
|a Батаршев
|b А. В.
|g Анатолий Васильевич
|
| 801 |
|
1 |
|a RU
|b 63413507
|c 20091126
|
| 801 |
|
2 |
|a RU
|b 63413507
|c 20130726
|g RCR
|
| 942 |
|
|
|c BK
|
| 959 |
|
|
|a 117/20091126
|d 1
|e 229,90
|f ЧЗГЛ:1
|